Random Asian City to Country - Statistics

General Stats
  • This quiz has been taken 44,625 times
  • The average score is 13 of 20
Answer Stats
City Country % Correct
Tokyo Japan
97%
Seoul South Korea
97%
Shanghai China
96%
Bangkok Thailand
96%
Dubai United Arab Emirates
96%
Wuhan China
95%
Mumbai India
95%
Jakarta Indonesia
95%
Jerusalem Israel
95%
Pyongyang North Korea
95%
Baghdad Iraq
94%
Tehran Iran
93%
Tel Aviv Israel
93%
Kuala Lumpur Malaysia
93%
Manila Philippines
93%
Ankara Turkey
93%
Hanoi Vietnam
93%
Ho Chi Minh City Vietnam
93%
Kabul Afghanistan
92%
Xi'an China
92%
Beirut Lebanon
91%
Mecca Saudi Arabia
91%
Kathmandu Nepal
90%
Damascus Syria
90%
Doha Qatar
89%
Vladivostok Russia
89%
Phnom Penh Cambodia
87%
Nanjing China
87%
Dhaka Bangladesh
85%
Chengdu China
84%
Nicosia Cyprus
84%
Tbilisi Georgia
84%
Baku Azerbaijan
83%
Karachi Pakistan
83%
Fukuoka Japan
82%
Muscat Oman
81%
Novosibirsk Russia
81%
Amman Jordan
80%
Jeddah Saudi Arabia
80%
Astana Kazakhstan
79%
Colombo Sri Lanka
79%
Kobe Japan
78%
Chennai India
77%
Sapporo Japan
77%
Lahore Pakistan
77%
Medina Saudi Arabia
77%
Tashkent Uzbekistan
77%
Vientiane Laos
76%
Aleppo Syria
76%
Yerevan Armenia
75%
Busan South Korea
75%
Antalya Turkey
75%
Sana'a Yemen
75%
Da Nang Vietnam
73%
Bishkek Kyrgyzstan
72%
Faisalabad Pakistan
72%
Izmir Turkey
72%
Naypyidaw Myanmar
71%
Malé Maldives
70%
Krasnoyarsk Russia
70%
Ashgabat Turkmenistan
70%
Thimphu Bhutan
69%
Bandar Seri Begawan Brunei
68%
Ahmedabad India
68%
Haifa Israel
68%
Irkutsk Russia
68%
Omsk Russia
68%
Dili East Timor
64%
Almaty Kazakhstan
63%
Dushanbe Tajikistan
63%
Chiang Mai Thailand
63%
Manama Bahrain
61%
Yangon Myanmar
60%
Lhasa China
59%
Isfahan Iran
58%
Surabaya Indonesia
57%
Daegu South Korea
57%
Siem Reap Cambodia
56%
Bhopal India
56%
Pune India
56%
Basra Iraq
56%
Fallujah Iraq
56%
Kandahar Afghanistan
55%
Indore India
55%
Cebu City Philippines
55%
Taichung Taiwan
55%
Shiraz Iran
54%
Niigata Japan
53%
Aden Yemen
53%
Chittagong Bangladesh
52%
Pattaya Thailand
52%
Gwangju South Korea
51%
Harbin China
50%
Mandalay Myanmar
50%
General Santos Philippines
49%
Hefei China
48%
Patna India
48%
Denpasar Indonesia
47%
Tabriz Iran
47%
Sendai Japan
47%
Johor Bahru Malaysia
42%
Erbil Iraq
41%
Al Jahra Kuwait
41%
Davao Philippines
41%
Kaohsiung Taiwan
40%
Bursa Turkey
39%
Homs Syria
38%
Adana Turkey
38%
Aqaba Jordan
37%
Sharjah United Arab Emirates
37%
Larnaca Cyprus
36%
Tyre Lebanon
36%
Dammam Saudi Arabia
35%
Herat Afghanistan
32%
Konya Turkey
32%
Battambang Cambodia
30%
George Town Malaysia
29%
Hamhung North Korea
28%
Multan Pakistan
28%
Karaj Iran
26%
Nonthaburi Thailand
26%
Cox's Bazar Bangladesh
24%
Kutaisi Georgia
22%
Bekasi Indonesia
22%
Klang Malaysia
20%
Khulna Bangladesh
19%
Pakxe Laos
17%
Gyumri Armenia
16%
Mingcevir Azerbaijan
16%
Kaduwela Sri Lanka
15%
Ganja Azerbaijan
14%
Mary Turkmenistan
13%
No matching quizzes found
Score Distribution
Percent of People with Each Score
Percentile by Number Answered
Your Score History
You have not taken this quiz